Catálogo público

Farmacología veterinaria / (Record no. 163936)

MARC details
000 -CABECERA
campo de control de longitud fija 00707nam a2200277Ia 4500
001 - NÚMERO DE CONTROL
campo de control Z_842
003 - IDENTIFICADOR DEL NÚMERO DE CONTROL
campo de control CHAP
008 - DATOS DE LONGITUD FIJA--INFORMACIÓN GENERAL
campo de control de longitud fija 220113s9999 xx 000 0 und d
010 ## - NÚMERO DE CONTROL DE LA BIBLIOTECA DEL CONGRESO
Número de control de LC 163936
040 ## - FUENTE DE LA CATALOGACIÓN
Centro/agencia transcriptor CHAP
082 ## - NÚMERO DE LA CLASIFICACIÓN DECIMAL DEWEY
Número de clasificación 636.08951 F84
100 ## - ENTRADA PRINCIPAL--NOMBRE DE PERSONA
Nombre de persona Fuentes Hernández, Víctor O.
9 (RLIN) 137982
245 ## - MENCIÓN DE TÍTULO
Título Farmacología veterinaria /
Mención de responsabilidad, etc. Víctor O. Fuentes Hernández y Héctor S. Sumano López
260 ## - PUBLICACIÓN, DISTRIBUCIÓN, ETC.
Lugar de publicación, distribución, etc. -s.p.i.- :
Nombre del editor, distribuidor, etc. ,
Fecha de publicación, distribución, etc.
300 ## - DESCRIPCIÓN FÍSICA
Extensión 413 p. + índice
440 ## - MENCIÓN DE SERIE/PUNTO DE ACCESO ADICIONAL--TÍTULO
Título
500 ## - NOTA GENERAL
Nota general
503 ## - NOTA DE HISTORIA BIBLIOGRÁFICA (BK CF MU) [OBSOLETO]
Nota de historia bibliográfica
650 ## - PUNTO DE ACCESO ADICIONAL DE MATERIA--TÉRMINO DE MATERIA
Término de materia o nombre geográfico como elemento de entrada Veterinaria
Subdivisión general Medicamentos I. Sumano López, Héctor S. II. t.
9 (RLIN) 137983
901 ## - ELEMENTOS DE DATOS A LOCAL LDA (RLIN)
a 636.08951 F84
902 ## - ELEMENTOS DE DATOS B LOCAL, LDB (RLIN)
a A
910 ## - DATOS DE OPCIÓN DEL USUARIO (OCLC)
Datos de opción del usuario
942 ## - ELEMENTOS DE PUNTO DE ACCESO ADICIONAL (KOHA)
Tipo de ítem Koha Libro_
942 ## - ELEMENTOS DE PUNTO DE ACCESO ADICIONAL (KOHA)
Tipo de ítem Koha
Holdings
Estado de retiro Estado de pérdida Fuente del sistema de clasificación o colocación Estado dañado No para préstamo Código de colección Localización permanente Ubicación/localización actual Ubicación en estantería Fecha de adquisición Total de préstamos Código de barras Fecha visto por última vez Fecha del último préstamo Número de copia Precio válido a partir de Tipo de ítem Koha
    Dewey Decimal Classification     General Zootecnia Zootecnia   09/11/2005 3 z_0036 25/09/2024 25/09/2024 1 18/01/2022 Libro